| 000 | 01173nam a22002777a 4500 | ||
|---|---|---|---|
| 003 | OSt | ||
| 005 | 20250407093534.0 | ||
| 008 | 240911b ||||| |||| 00| 0 eng d | ||
| 040 | _c0 | ||
| 082 | _aDPer 621.317 Ie21 December 2022 v.37 n. 12 part 1&2. | ||
| 100 |
_aZhou, Xiang. _eauthor. _960705 |
||
| 245 |
_aAccurate analysis and design of the circuit parameters of llc dc-dc converter with synchronous rectification / _cXiang Zhou, Laili Wang, Yongmei Gan, Huan Luo, Yan-Fie Liu, and Paresh C. Sen. |
||
| 260 |
_aNew York ; _bThe Institute of Electrical and Electronics Engineers, Inc., _cDecember 2022. |
||
| 300 |
_avolume 37, pages 15051-15066, _billustration. |
||
| 500 | _aIEEE Transactions on Power Electronics, v. 37 n. 12, pages 15051-15066, December 2022. | ||
| 650 | 0 |
_aparameters design. _966197 |
|
| 650 | 0 |
_asynchronous rectifier. _966198 |
|
| 650 | 0 |
_aControl systems. _966199 |
|
| 700 |
_aZhou, Xiang. _eauthor. _960705 |
||
| 700 |
_aWang, Laili. _eauthor. _960706 |
||
| 700 |
_aGan, Yongmei _960707 |
||
| 700 |
_aLuo, Huan. _eauthor. _960708 |
||
| 700 |
_aLiu, Yan-Fie. _eauthor. _960709 |
||
| 700 |
_aSen, Paresh C. _960710 |
||
| 942 |
_2ddc _cPER |
||
| 999 |
_c21507 _d21507 |
||